Score 0/36 Timer 12:00
1 Play Today
Question T/F % Correct
Santa Claus is said to
live in Canada
???
96.9%
Toronto is the
capital of Canada
???
90.6%
Jim Carrey, Shania Twain,
James Cameron and Alex Trebek are all Canadian
???
90%
Canada has a city listed in the
top 10 of the EIU's Global Livability Report (2012)
???
86.4%
Canada holds the record for the most gold medals ever won at the Summer Olympics???
85.2%
Canada borders
three other countries
???
84.5%
Canada is the second largest
country in the world
???
84.1%
Canada contains around one-tenth of the entire world's renewable water supply???
81.4%
'Kanata' is the St. Lawrence-Iroquoian word for 'village' or 'settlement'???
81.2%
You can fit the UK inside of Hudson Bay???
80.4%
Elton John, Vince Vaughn,
Gene Simmons and Drew Barrymore are all Canadian
???
79.4%
Rush, a Canadian band, is or will be a member of the Rock and Roll Hall of Fame???
78.4%
The east coast of Canada
was settled by Vikings around 1,000 A.D
???
77.9%
Queen Elizabeth II
is the Canadian Head of State
???
74.8%
Poutine is a dish made from
maple syrup and lobster
???
74.5%
The Toronto Maple Leafs haven't
won the Stanley Cup in over 40 years
???
74.2%
Hockey is the only official sport of Canada???
73.3%
Canada has the
world's longest coastline
???
72.3%
Question T/F % Correct
Christopher Robin Milne named his teddy bear Winnie, a Canadian black bear cub, from Winnipeg???
72.1%
Canada has the world's
longest freshwater beach
???
71.2%
Canada hosts the northernmost
permanent settlement in the world
???
69.9%
James Doohan, famous for 'Scotty' on Star Trek, was Canadian???
68.9%
The population of Spain is
greater than the population of Ontario
???
68%
The official languages of Canada are English, French and Native???
66.2%
Toronto's CN Tower is the world's tallest free-standing structure???
65.6%
Canada is the United States' largest supplier of crude oil???
63.8%
Montreal is the world’s
largest French speaking city
???
62.3%
Canada spans
11 time zones
???
61.7%
Canada declared war on Germany in WWII at the same time as the USA???
60.1%
Seal hunting
is legal in Canada
???
57.4%
Abraham Lincoln was president
when Canada became a country
???
51.1%
Canada defeated the USA in the
War of 1812
???
49.1%
Canada has the lowest population density in the world???
44.3%
The current 'maple leaf' Canadian flag is older than the current US '50 stars' flag???
43.5%
Celine Dion is the top selling
female artist of all time
???
38.8%
You can see the Rocky Mountains from Vancouver???
32.6%
Come Together.
Have Fun.
All Virtual.
We all need to come together. Play Sporcle's virtual live trivia to have fun, connect with people, and get your trivia on. Join a live hosted trivia game for your favorite pub trivia experience done virtually. If a virtual private party is more your thing, go here for details.

You're not logged in!

Compare scores with friends on all Sporcle quizzes.
OR
Log In

Sporcle TV

Today on Sporcle TV


Watch our educational content, quiz creation guides, and fun videos on Sporcle TV.

Show Comments

Extras

Top Quizzes Today


Score Distribution

Paid Content

Your Account Isn't Verified!

In order to create a playlist on Sporcle, you need to verify the email address you used during registration. Go to your Sporcle Settings to finish the process.

Report this User

Report this user for behavior that violates our Community Guidelines.

Details: